NLSUI OPAC header image

Hegel's world revolutions / (Record no. 212521)

MARC details
000 -LEADER
fixed length control field 04378cam a22003498i 4500
001 - CONTROL NUMBER
control field 23123627
005 - DATE AND TIME OF LATEST TRANSACTION
control field 20240506181615.0
008 - FIXED-LENGTH DATA ELEMENTS--GENERAL INFORMATION
fixed length control field 230511s2023 nju b 001 0 eng
010 ## - LIBRARY OF CONGRESS CONTROL NUMBER
LC control number 2023019043
020 ## - INTERNATIONAL STANDARD BOOK NUMBER
International Standard Book Number 9780691250182
Qualifying information (hardback)
040 ## - CATALOGING SOURCE
Original cataloging agency DLC
Language of cataloging eng
Description conventions rda
Transcribing agency DLC
Modifying agency DLC
042 ## - AUTHENTICATION CODE
Authentication code pcc
082 00 - DEWEY DECIMAL CLASSIFICATION NUMBER
Classification number 944.04
Edition number 23/eng/20230511
100 1# - MAIN ENTRY--PERSONAL NAME
Personal name Bourke, Richard,
Relator term author.
245 10 - TITLE STATEMENT
Title Hegel's world revolutions /
Statement of responsibility, etc. Richard Bourke.
263 ## - PROJECTED PUBLICATION DATE
Projected publication date 1111
264 #1 - PRODUCTION, PUBLICATION, DISTRIBUTION, MANUFACTURE, AND COPYRIGHT NOTICE
Place of production, publication, distribution, manufacture Princeton, New Jersey :
Name of producer, publisher, distributor, manufacturer Princeton University Press,
Date of production, publication, distribution, manufacture, or copyright notice 2023.
300 ## - PHYSICAL DESCRIPTION
Extent xvi, 321 pages
Dimensions 22 cm.
336 ## -
-- text
-- txt
-- rdacontent
365 ## - TRADE PRICE
Price amount Rs. 2600.00
504 ## - BIBLIOGRAPHY, ETC. NOTE
Bibliography, etc. note Includes bibliographical references and index.
505 0# - Contents
Contents Introduction -- Part I. The Kantian revolution -- Introduction -- The turning point -- Kant, religion and revolution -- The Christian revolution and its fate -- Part II. Hegel and the French Revolution -- Introduction -- The Holy Roman Empire and the French Revolution -- Absolute freedom and terror -- Revolution and the modern constitutional state -- Part III. The history of political thought -- Introduction -- Hegel's Plato -- After the Hegel Renaissance -- Political thought and its discontents -- Conclusion.
520 ## - SUMMARY, ETC.
Summary, etc. "This book offers the first historical treatment of Hegel's political ideas since the 1970s. It completely revises our understanding of his response to the French Revolution, the most dramatic and significant event of his age. A fresh account of his take on the Revolution itself provides a new perspective on his thought as a whole. It also illuminates Hegel's relevance to modern politics. Dominant strands of post-War thought have taken the form of a repudiation of Hegel. This reaction has largely been based on dubious arguments and poor scholarship. The alternative analysis offered here contextualizes attempts to disparage Hegel as pursued by strands of critical theory associated with postmodernism. In the process, the book challenges recent onslaughts against so-called "Western" rationalism. It takes issue with the ambition to relativize all values and to represent knowledge as an effect of power"--
Assigning source Provided by publisher.
520 ## - SUMMARY, ETC.
Summary, etc. "A new account of the relevance of Hegel's ideas for today's world, countering the postwar anti-Hegel "insurgency"G.W.F. Hegel was widely seen as the greatest philosopher of his age. Ever since, his work has shaped debates about issues as varied as religion, aesthetics and metaphysics. His most lasting contribution was his vision of history and politics. In Hegel's World Revolutions, Richard Bourke returns to Hegel's original arguments, clarifying their true import and illuminating their relevance to contemporary society. Bourke shows that central to Hegel's thought was his anatomy of the modern world. On the one hand he claimed that modernity was a deliverance from subjection, but on the other he saw it as having unleashed the spirit of critical reflection. Bourke explores this predicament in terms of a series of world revolutions that Hegel believed had ushered in the rise of civil society and the emergence of the constitutional state.Bourke interprets Hegel's thought, with particular reference to his philosophy of history, placing it in the context of his own time. He then recounts the reception of Hegel's political ideas, largely over the course of the twentieth century. Countering the postwar revolt against Hegel, Bourke argues that his disparagement by major philosophers has impoverished our approach to history and politics alike. Challenging the condescension of leading thinkers-from Heidegger and Popper to Lévi-Strauss and Foucault-the book revises prevailing views of the relationship between historical ideas and present circumstances"--
Assigning source Provided by publisher.
600 10 - SUBJECT ADDED ENTRY--PERSONAL NAME
Personal name Hegel, Georg Wilhelm Friedrich,
Dates associated with a name 1770-1831
General subdivision Political and social views.
650 #0 - SUBJECT ADDED ENTRY--TOPICAL TERM
Topical term or geographic name entry element Revolutions.
650 #7 - SUBJECT ADDED ENTRY--TOPICAL TERM
Topical term or geographic name entry element POLITICAL SCIENCE / History & Theory
Source of heading or term bisacsh
650 #7 - SUBJECT ADDED ENTRY--TOPICAL TERM
Topical term or geographic name entry element HISTORY / Military / Revolutions & Wars of Independence (see also United States / Revolutionary Period (1775-1800))
Source of heading or term bisacsh
651 #0 - SUBJECT ADDED ENTRY--GEOGRAPHIC NAME
Geographic name France
General subdivision History
Chronological subdivision Revolution, 1789-1799
General subdivision Influence.
776 08 - ADDITIONAL PHYSICAL FORM ENTRY
Relationship information Online version:
Main entry heading Bourke, Richard.
Title Hegel's world revolutions
Place, publisher, and date of publication Princeton, New Jersey : Princeton University Press, 2023
International Standard Book Number 9780691253114
Record control number (DLC) 2023019044
942 ## - ADDED ENTRY ELEMENTS (KOHA)
Source of classification or shelving scheme Dewey Decimal Classification
Koha item type BOOKs
Holdings
Withdrawn status Lost status Source of classification or shelving scheme Materials specified (bound volume or other part) Damaged status Not for loan Home library Current library Shelving location Date acquired Cost, normal purchase price Total Checkouts Total Renewals Full call number Barcode Date last seen Date last checked out Price effective from Koha item type Public note
    Dewey Decimal Classification HB     NLS NLS General Stacks 06/05/2024 2600.00 1 2 944.04 BOU 39599 01/09/2025 13/05/2024 06/05/2024 BOOKs Recommended by Dr. Karthick Ram Manoharan